भारत में वैदिक साहित्य संस्कृति एवं ज्ञान प्रणाली (Record no. 1435483)

MARC details
000 -LEADER
fixed length control field 01143 a2200253 4500
005 - DATE AND TIME OF LATEST TRANSACTION
control field 20251111113807.0
008 - FIXED-LENGTH DATA ELEMENTS--GENERAL INFORMATION
fixed length control field 251111b |||||||| |||| 00| 0 eng d
020 ## - INTERNATIONAL STANDARD BOOK NUMBER
International Standard Book Number 9789394317819 (hbk)
037 ## - SOURCE OF ACQUISITION
Terms of availability TB
040 ## - CATALOGING SOURCE
Original cataloging agency CRL
Transcribing agency CRL
041 ## - LANGUAGE CODE
Source of code hin
Language code of text/sound track or separate title hin
084 ## - COLON CLASSIFICATION NUMBER
Classification number Q1v2 152R6
Assigning agency CRL
100 ## - MAIN ENTRY--PERSONAL NAME
Personal name शर्मा, विष्णु
9 (RLIN) 821401
245 ## - TITLE STATEMENT
Title भारत में वैदिक साहित्य संस्कृति एवं ज्ञान प्रणाली
260 ## - PUBLICATION, DISTRIBUTION, ETC.
Place of publication, distribution, etc. जयपुर, भारत:
Name of publisher, distributor, etc. श्रीनिवास पब्लिकेशन्स्,
Date of publication, distribution, etc. 2026.
300 ## - PHYSICAL DESCRIPTION
Extent 248पृ.
365 ## - TRADE PRICE
Price amount 2495.00
Currency code INR
650 ## - SUBJECT ADDED ENTRY--TOPICAL TERM
Topical term or geographic name entry element धर्म
9 (RLIN) 850581
650 ## - SUBJECT ADDED ENTRY--TOPICAL TERM
Topical term or geographic name entry element वेद
9 (RLIN) 850582
650 ## - SUBJECT ADDED ENTRY--TOPICAL TERM
Topical term or geographic name entry element संस्कृत साहित्य
9 (RLIN) 850583
650 ## - SUBJECT ADDED ENTRY--TOPICAL TERM
Topical term or geographic name entry element वैदिक साहित्य
9 (RLIN) 850584
942 ## - ADDED ENTRY ELEMENTS (KOHA)
Koha item type Textbook
Source of classification or shelving scheme Colon Classification (CC)
Suppress in OPAC No
Classification part Q1v2 152R6
Holdings
Withdrawn status Lost status Source of classification or shelving scheme Damaged status Not for loan Home library Current library Date acquired Source of acquisition Cost, normal purchase price Inventory number Total Checkouts Full call number Barcode Date last seen Cost, replacement price Price effective from Koha item type
    Colon Classification (CC)     Central Library Central Library 2025-10-03 25/ ईस्टर्न बुक लिंकर्स 1996.00 39 & 2025-10-01   Q1v2 152R6 CL1923727 2025-10-03 2495.00 2025-10-03 Textbook
Copyright @ Delhi University Library System